| 000 | 00437nam a22001337a 4500 | ||
|---|---|---|---|
| 040 | _cNUST | ||
| 082 | _a200 THE | ||
| 100 |
_aSajjad Ali Qureshi _988696 |
||
| 110 |
_aSupervisor Dr. Afshan Naseem _988697 |
||
| 245 | _aTH-SOF-1960-Formulation of Framework for Selecting Manufacturing Alternatives A Case Study of Hi-Tech Industry | ||
| 260 |
_aISLAMABAD: _bNUST COLLEGE OF EME, _c2022. |
||
| 650 |
_aMS-EM-18 _988698 |
||
| 942 |
_2ddc _cTHE |
||
| 999 |
_c587738 _d587738 |
||